| 000 | 00472cam a2200193ua 4500 | ||
|---|---|---|---|
| 003 | OSt | ||
| 005 | 20260209120159.0 | ||
| 008 | 260209b |||||||| |||| 00| 0 eng d | ||
| 020 | _a81-85109-93-1 | ||
| 041 | _aeng | ||
| 082 |
_a631.15 _bGHO/PR |
||
| 100 |
_aGhosh, R K . _97587 |
||
| 245 | _aPractical agricultural engineering / | ||
| 250 | _a1 / | ||
| 260 |
_aCalcutta : _bNaya Prakash , _c1990. |
||
| 300 | _a182 ; . | ||
| 700 | 1 |
_aSwain, S . _97062 |
|
| 942 | _cBK | ||
| 999 |
_c9921 _d9921 |
||